[Event "Paris-ch op-B"]
[Site "Paris"]
[Date "2010.07.09"]
[Round "6"]
[White "Jamain, Frederic"]
[Black "Dorval, Olivier"]
[Result "0-1"]
[WhiteElo "1799"]
[BlackElo "1835"]
[PlyCount "130"]
[EventDate "2010.07.03"]
[EventType "swiss"]
[EventRounds "9"]
[EventCountry "FRA"]
[SourceTitle "CBM 137 Extra"]
[Source "ChessBase"]
[SourceDate "2010.09.01"]
[SourceVersion "1"]
[SourceVersionDate "2010.09.01"]
[SourceQuality "1"]

1. e4 Nc6 2. d4 d5 3. e5 f6 4. f4 Nh6 5. Nf3 Bf5 6. Bd3 e6 7. c3 Be4 8. Bxe4 dxe4 9. Nfd2 f5 10. Qb3 Qd5 11. Qxb7 Nxd4 12. Qxd5 Nc2+ 13. Kd1 Ne3+ 14. Ke2 Nxd5 15. Nb3 c5 16. g3 Be7 17. Na3 0-0 18. Nc2 Rab8 19. Na5 Rfc8 20. Nc4 Rd8 21. Bd2 Nf7 22. Rab1 Rdc8 23. N4e3 Nd8 24. c4 Nxe3 25. Kxe3 Nc6 26. Bc3 Rd8 27. Rhd1 Kf7 28. b3 g5 29. Be1 h6 30. Bf2 gxf4+ 31. gxf4 Rg8 32. Rd7 Rg2 33. Rc7 Rb6 34. Rh1 Ke8 35. Rc8+ Nd8 36. h3 Kd7 37. Ra8 Ra6 38. Rd1+ Kc7 39. a4 Rg8 40. Na3 Kb7 41. Rd7+ Kxa8 42. Rxe7 Rb6 43. Nb5 Rb7 44. Nc7+ Kb8 45. Na6+ Kc8 46. Rxb7 Nxb7 47. Ke2 Kd7 48. Nxc5+ Nxc5 49. Bxc5 Rg2+ 50. Bf2 Rh2 51. h4 Rh3 52. Bxa7 Rxb3 53. a5 Kc6 54. c5 Rc3 55. Bb6 Rxc5 56. Bxc5 Kxc5 57. a6 Kb6 58. a7 Kxa7 59. Ke3 Kb6 60. Kd4 Kb5 61. Ke3 Kc4 62. h5 Kc3 63. Ke2 Kd4 64. Kd2 e3+ 65. Ke2 Ke4 0-1

[Event "Paris-ch op-B"]
[Site "Paris"]
[Date "2010.07.08"]
[Round "5"]
[White "Jamain, Frederic"]
[Black "Duget, Long Jc"]
[Result "1-0"]
[WhiteElo "1799"]
[BlackElo "1880"]
[PlyCount "107"]
[EventDate "2010.07.03"]
[EventType "swiss"]
[EventRounds "9"]
[EventCountry "FRA"]
[SourceTitle "CBM 137 Extra"]
[Source "ChessBase"]
[SourceDate "2010.09.01"]
[SourceVersion "1"]
[SourceVersionDate "2010.09.01"]
[SourceQuality "1"]

1. e4 c5 2. c3 g6 3. d4 cxd4 4. cxd4 Bg7 5. Nf3 d5 6. e5 f6 7. Bf4 Nc6 8. Nc3 Bg4 9. Be2 Nh6 10. exf6 exf6 11. Nb5 0-0 12. 0-0 Nf7 13. h3 Bf5 14. g4 Bd7 15. Nc7 Rc8 16. Nxd5 Bxg4 17. hxg4 Qxd5 18. Qa4 Kh8 19. Be3 a6 20. Rac1 Nh6 21. Rc5 Qe4 22. Nd2 Qe8 23. Rfc1 Nf7 24. Nb3 Qe4 25. Na5 Nfe5 26. Nxb7 Nf3+ 27. Bxf3 Qxf3 28. Rxc6 Qxg4+ 29. Kf1 Qh3+ 30. Ke2 Rce8 31. R1c3 Bh6 32. Nd6 Qg4+ 33. Kd2 Bxe3+ 34. Rxe3 Rxe3 35. fxe3 Qg2+ 36. Kc3 Qf2 37. e4 Qe3+ 38. Kc4 Qc1+ 39. Kd5 Qg5+ 40. Ke6 Qg4+ 41. Ke7 Kg7 42. Ne8+ Rxe8+ 43. Kxe8 Qxe4+ 44. Kd8 Qd5+ 45. Kc8 h5 46. Rc7+ Kh6 47. Qc4 Qa8+ 48. Kd7 h4 49. d5 g5 50. d6 h3 51. Qc2 Qg2 52. Qxg2 hxg2 53. Rc1 g4 54. Ke6 1-0